书目信息 |
| 题名: |
拿课题 出专著
|
|
| 作者: | 老踏 著 | |
| 分册: | ||
| 出版信息: | 北京 人民邮电出版社 2025.04 |
|
| 页数: | 188页 | |
| 开本: | 23cm | |
| 丛书名: | ||
| 单 册: | ||
| 中图分类: | C36 | |
| 科图分类: | ||
| 主题词: | 社会科学--科研项目--申请--中国 | |
| 电子资源: | ||
| ISBN: | 978-7-115-66017-6 | |
| 000 | 00823nam0 2200229 450 | |
| 001 | 2531192417 | |
| 005 | 20251217084028.47 | |
| 010 | @a978-7-115-66017-6@dCNY59.80 | |
| 100 | @a20250512d2025 em y0chiy0120 ea | |
| 101 | 0 | @achi |
| 102 | @aCN@b110000 | |
| 105 | @aa z 000yy | |
| 200 | 1 | @a拿课题 出专著@9na ke ti chu zhuan zhu@e后期资助项目申报一本通@f老踏著 |
| 210 | @a北京@c人民邮电出版社@d2025.04 | |
| 215 | @a188页@c图@d23cm | |
| 330 | @a本书结合作者3次成功获批后期资助项目的经验,基于基础认知、申报准备、选题策划、申请书写作、申报成果写作和实战复盘六大板块,打造提高后期资助项目立项成功率的系统解决方案。 | |
| 503 | @n河南城建学院图书馆 | |
| 606 | 0 | @a社会科学@x科研项目@x申请@y中国 |
| 690 | @aC36@v5 | |
| 701 | 0 | @a老踏@9lao ta@4著 |
| 801 | 0 | @aCN@c20250910 |
| 905 | @a河南城建学院图书馆@dC36@eL072@ZL072@f1 | |
| 拿课题 出专著:后期资助项目申报一本通/老踏著.-北京:人民邮电出版社,2025.04 |
| 188页:图;23cm |
| ISBN 978-7-115-66017-6:CNY59.80 |
| 本书结合作者3次成功获批后期资助项目的经验,基于基础认知、申报准备、选题策划、申请书写作、申报成果写作和实战复盘六大板块,打造提高后期资助项目立项成功率的系统解决方案。 |
| ● |
| 相关链接 |
|
|
|
正题名:拿课题 出专著
索取号:C36/L072
 
预约/预借
| 序号 | 登录号 | 条形码 | 馆藏地/架位号 | 状态 | 备注 |
| 1 | 1556704 | 215567045 | 建筑与城市规划学院资料室/ [索取号:C36/L072] | 在馆 | |
| 2 | 1556705 | 215567054 | 建筑与城市规划学院资料室/ [索取号:C36/L072] | 在馆 |